00828 2200277 4500001002100000005001500021035002000036007000300056008004100059040001700100100001100117245019500128250001300323300003700336020001800373041000800391082001000399084001600409090001700425260003600442650001600478650001400494850001000508990001600518990001600534INLIS00000000000371320260528093616 a0010-0721000068ta260528 0  aSBPUPADbind0 aRasmun1 aKeperawatan Kesehatan Mental Psikiatri Terintegrasi Dengan Keluarga :bUntuk Perawat dan Mahasiswa Keperawatan, Konsep, Teori, Asuhan Keperawatan dan Analisa Proses Interaksi (API) /cRasmun a--Cet--2 axii, 106 hlm. :billus. ;c23 cm a979-95115-5-0 aind a610.7 a610.7 RAS k a610.03 KOE e a--Jakarta :bSagung Seto,c2009 4aKeperawatan 4aKesehatan aPUPAD a1194/B/2013 a1195/B/2013